000 00456nam a2200169 i 4500
001 99973
003 ES-MaACL
005 20230906182601.0
007 t|
008 050920s1969 sp ||||1| spa d
100 1 _aMartínez Lamar, F.
_978175
245 1 0 _aBaremo de madera en rollo /
_cF. Martínez Lamar.
250 _a[1ª ed.].
260 _aMadrid :
_bAlhambra,
_c1969.
300 _a5 h., 216 p. ;
_c23 cm.
852 _aES-MaACL
_jC-47427
_bR.70614
999 _c99973
_d99973